000
00335nam a2200145Ia 4500
003
OSt
008
191201s2014 xx 000 0 und d
100
_a
GARG, SK
245
0
_a
Water Supply Engineering Vol.1
250
_a
Rep
260
_a
N. Delhi
_b
Khanna Publisher
_c
2014
300
_a
1054
650
_a
B.Tech(CE)
942
_2
ddc
_c
BK
999
_c
5804
_d
5804